Stanica pre meranie podsvietenia interiérových komponentov vozidiel

Guardado en:
Detalles Bibliográficos
Autor principal: Kominko, Tibor (Autor)
Otros Autores: Ťapák, Peter (Orientador)
Formato: Manuscrito Libro
Lenguaje:eslovaco
Publicado: Bratislava : STU v Bratislave FEI, 2021
Materias:
Acceso en línea:https://opac.crzp.sk/?fn=detailBiblioForm&sid=2DF2AC71C78DA39E9FFFB2873752&seo=CRZP-detail-kniha
Etiquetas: Agregar Etiqueta
Sin Etiquetas, Sea el primero en etiquetar este registro!

MARC

LEADER 00000ntm a22000003a 4500
001 stuzp81857
003 SK-STU
005 20211112100454.5
007 ta
008 150427s2015----xo-----f-mn---000-0-slo-d
040 |a STU  |b slo 
041 0 |a slo 
044 |a xo 
100 1 |a Kominko, Tibor  |u 030400  |4 aut  |U FEI Fakulta elektrotechniky a informatiky  |T FEI Ústav automobilovej mechatroniky  |X 86379  |U E400  |Y 642  |7 86379 
242 0 1 |a Car dashboard illumination measurement station  |y eng 
245 1 0 |a Stanica pre meranie podsvietenia interiérových komponentov vozidiel 
260 |a Bratislava :  |b STU v Bratislave FEI,  |c 2021 
300 |a 103 s. 
650 4 |a Zbernica LIN  |2 slo 
650 4 |a meranie vnútorného osvetlenia automobilu  |2 slo 
650 4 |a krokové motory  |2 slo 
650 4 |a LIN bus  |2 eng 
650 4 |a measurement of car interior lighting  |2 eng 
650 4 |a stepper motors  |2 eng 
700 1 |a Ťapák, Peter  |u 030400  |k Z1  |4 ths  |U FEI Fakulta elektrotechniky a informatiky  |T FEI Ústav automobilovej mechatroniky  |X 3715  |U E400  |Y 642  |7 A000003715 
856 4 |u https://opac.crzp.sk/?fn=detailBiblioForm&sid=2DF2AC71C78DA39E9FFFB2873752&seo=CRZP-detail-kniha